Aims & activities

Guardat en:
Dades bibliogràfiques
Autor corporatiu: The British Computer Society
Format: Llibre
Idioma:Undetermined
Publicat: Lodon The British Computer Society [1969]
Matèries:
Etiquetes: Afegir etiqueta
Sense etiquetes, Sigues el primer a etiquetar aquest registre!
Thư viện lưu trữ: Trung tâm Học liệu Trường Đại học Cần Thơ
LEADER 00506nam a2200181Ia 4500
001 CTU_89209
008 210402s9999 xx 000 0 und d
082 |a 338.4 
082 |b B862 
110 |a The British Computer Society 
245 0 |a Aims & activities 
245 4 |c The British Computer Society 
260 |a Lodon 
260 |b The British Computer Society 
260 |c [1969] 
650 |a Computers and civilization 
904 |i Giang 
980 |a Trung tâm Học liệu Trường Đại học Cần Thơ